کتاب الغلاحت : (Record no. 251906)
[ view plain ]
| 000 -LEADER | |
|---|---|
| fixed length control field | 00498nam a22001577a 4500 |
| 003 - CONTROL NUMBER IDENTIFIER | |
| control field | BD-DhUL |
| 005 - DATE AND TIME OF LATEST TRANSACTION | |
| control field | 20200227110111.0 |
| 008 - FIXED-LENGTH DATA ELEMENTS--GENERAL INFORMATION | |
| fixed length control field | 171212s1927 ii ||||| |||| 00| 0 urd d |
| 040 ## - CATALOGING SOURCE | |
| Original cataloging agency | BD-DhUL |
| Transcribing agency | BD-DhUL |
| 082 ## - DEWEY DECIMAL CLASSIFICATION NUMBER | |
| Classification number | 630 |
| Item number | YAK |
| 100 0# - MAIN ENTRY--PERSONAL NAME | |
| Personal name | یحیٰ بن محمد اشبیلی |
| 245 0# - TITLE STATEMENT | |
| Title | کتاب الغلاحت : |
| Statement of responsibility, etc. | یحیٰ بن محمد اشبیلی |
| Remainder of title | جلد ۱ / |
| 260 ## - PUBLICATION, DISTRIBUTION, ETC. (IMPRINT) | |
| Place of publication, distribution, etc. | اعظم گڈہ : |
| Name of publisher, distributor, etc. | مطبع معارف، |
| Date of publication, distribution, etc. | ۱۹۲۷۔ |
| 300 ## - PHYSICAL DESCRIPTION | |
| Extent | جلد ۱ ؛ |
| Dimensions | ۲۴ سم۔. |
| 942 ## - ADDED ENTRY ELEMENTS (KOHA) | |
| Source of classification or shelving scheme | |
| Koha item type | Books |
| Price effective from | Date last seen | Permanent Location | Not for loan | Date acquired | Source of classification or shelving scheme | Koha item type | Lost status | Withdrawn status | Copy number | Source of acquisition | Collection code | Damaged status | Shelving location | Barcode | Current Location | Full call number |
|---|---|---|---|---|---|---|---|---|---|---|---|---|---|---|---|---|
| 2020-02-27 | 2020-02-27 | Dhaka University Library | 2020-02-27 | Books | 1 | purchased | Non Fiction | General Stacks | A42086 | Dhaka University Library | 630 YAK |
